| 000 | 00521nam a22001697a 4500 | ||
|---|---|---|---|
| 082 |
_a621.31913 _bBRY _cL-9, P-2 |
||
| 100 |
_aBryant, John Myron _941179 |
||
| 245 | _aAlternating-current circuits | ||
| 250 | _a3rd ed. | ||
| 260 |
_aNew York ; London : _bMcGraw-Hill book company, inc. _c1939 |
||
| 300 |
_axv, 522 p _bdiagrs ; _c24 cm. |
||
| 526 |
_a0 _b0 _c0 _d621_319130000000000_BRY |
||
| 650 |
_aMCE _9379 |
||
| 700 |
_aCorrell, James Aquilla, _941306 |
||
| 700 |
_aJohnson, Elmer Walter, _941181 |
||
| 942 |
_2ddc _cBK |
||
| 999 |
_c545451 _d545451 |
||